The Girl Who Saw It All (Record no. 41384)

MARC details
000 -LEADER
fixed length control field 00341nam a2200133Ia 4500
008 - FIXED-LENGTH DATA ELEMENTS--GENERAL INFORMATION
fixed length control field 240719s9999 xx 000 0 und d
041 ## - LANGUAGE CODE
Language code of text/sound track or separate title eng
082 ## - DEWEY DECIMAL CLASSIFICATION NUMBER
Classification number 823 ROO
100 ## - MAIN ENTRY--PERSONAL NAME
Personal name Rooprashi
245 ## - TITLE STATEMENT
Title The Girl Who Saw It All
260 ## - PUBLICATION, DISTRIBUTION, ETC.
Place of publication, distribution, etc. Ludhiana
Name of publisher, distributor, etc. Petals Publication
Date of publication, distribution, etc. 2017
300 ## - PHYSICAL DESCRIPTION
Extent 160;. P. 20 Cm
520 ## - SUMMARY, ETC.
Summary, etc. Gifted By : IMT Faculty
Holdings
Withdrawn status Lost status Source of classification or shelving scheme Damaged status Not for loan Home library Current library Shelving location Date acquired Total Checkouts Full call number Barcode Date due Date last seen Date last checked out Price effective from Koha item type Public note
    Dewey Decimal Classification     IMTN IMTN Rack 38-B 07/16/2023 6 823 ROO 33079 01/24/2026 01/14/2026 01/14/2026 07/19/2024 Books Gifted
Designed & Maintained by: LRC IMT Nagpur Contact: lrc@imtnag.ac.in© 2024. All Rights Reserved.